00265nam a22001097a 4500008004100000020001800041041000800059080000800067100000700075101000900082245006400091190226b xxu||||| |||| 00| 0 eng d a9780140513271 aeng a910 a42 aGJEO aThe Pinguin Historical Atlas of North AmericacHomberger, E